Language Quiz

Random Language or Letter Quiz

Same 1st letter same meaning Quiz Stats

 Plays Quiz not verified by Sporcle

Challenge
Share
Tweet
Embed
Score 0/25 Timer 05:00
0 Plays Today
Hint Answer % Correct
BoastBrag
89.1%
InteriorInner
88.4%
HadesHell
83.7%
NakednessNudity
80.6%
ZilchZero
79.8%
FerociousFierce
71.3%
AmidAmong
65.1%
CipherCode
63.6%
QuiverQuake
61.2%
JokeJape
60.5%
DescribeDefine
59.7%
VigourVerve
49.6%
LazyLethargic
43.4%
Hint Answer % Correct
MethodManner
41.9%
EgressExit
39.5%
YoungstersYouths
39.5%
TurmoilTrouble
34.9%
WayfaringWandering
29.5%
GarbGarments
27.1%
SlapdashSloppy
20.9%
KowtowKneel
19.4%
UndisclosedUlterior
17.1%
PractisedProficient
15.5%
RoistererReveller
3.9%
OutlayOutgoings
1.6%

You're not logged in!

Compare scores with friends on all Sporcle quizzes.
Join for Free
OR
Log In

You Might Also Like...

Show Comments

Extras

Created Feb 25, 2010ReportNominate
Tags:Letter Quiz, same

Top Quizzes Today


Score Distribution

Your Account Isn't Verified!

In order to create a playlist on Sporcle, you need to verify the email address you used during registration. Go to your Sporcle Settings to finish the process.

Report this User

Report this user for behavior that violates our Community Guidelines.

Details: